000
00205 a2200097 4500
001
59907
100
_a
245
_a
Classroom Confidential
260
_a
New York
_b
Continuum
_c
2006
090
_c
36742
_d
36742
942
_a
NUST-CAE
_c
_c
29716
999
_c
294980
_d
294980